[Event "South Wales Autumn Open"]
[Site "Newport"]
[Date "2018.11.16"]
[Round "1.1"]
[White "Toczek, Grzegorz"]
[Black "Waterfield, John W"]
[Result "1-0"]
[WhiteElo "2263"]
[BlackElo "1929"]
[PlyCount "23"]
[EventDate "2018.11.16"]
[EventType "swiss"]
[EventRounds "5"]
[EventCountry "WLS"]
[SourceDate "2018.11.17"]

1. e4 g6 2. d4 Bg7 3. Nf3 c5 4. d5 d6 5. Nfd2 Nf6 6. Be2 e6 7. c4 b5 8. O-O O-O
9. dxe6 fxe6 10. e5 dxe5 11. Bf3 e4 12. Nxe4 1-0

[Event "South Wales Autumn Open"]
[Site "Newport"]
[Date "2018.11.16"]
[Round "1.2"]
[White "Varley, Peter"]
[Black "Jansen Van Rensburg, Leon"]
[Result "1-0"]
[WhiteElo "2176"]
[BlackElo "1568"]
[PlyCount "69"]
[EventDate "2018.11.16"]
[EventType "swiss"]
[EventRounds "5"]
[EventCountry "WLS"]
[SourceDate "2018.11.17"]

1. d4 d5 2. c4 c6 3. e3 Nf6 4. Nc3 e6 5. Nf3 Nbd7 6. Bd3 b6 7. O-O Bd6 8. e4
dxe4 9. Nxe4 Nxe4 10. Bxe4 Bb7 11. Re1 Nf6 12. Bc2 Qc7 13. Bd2 O-O-O 14. b4 Be7
15. Bc3 c5 16. bxc5 Bxc5 17. Bd3 Bxf3 18. Qxf3 Bxd4 19. Bxd4 Rxd4 20. c5 bxc5
21. Rab1 Nd5 22. Ba6+ Kd8 23. Rb7 Qa5 24. Reb1 Rf8 25. Rxf7 Rxf7 26. Qxf7 Rb4
27. Qf8+ Kc7 28. Qc8+ Kd6 29. Re1 Nc7 30. Qd8+ Kc6 31. Rxe6+ Nxe6 32. Qxa5 Rb1+
33. Bf1 Nd4 34. f3 c4 35. Qa6+ 1-0

[Event "South Wales Autumn Open"]
[Site "Newport"]
[Date "2018.11.16"]
[Round "1.3"]
[White "Whitehead, Mark A"]
[Black "Roberts, Paul"]
[Result "1/2-1/2"]
[WhiteElo "1922"]
[BlackElo "2171"]
[PlyCount "137"]
[EventDate "2018.11.16"]
[EventType "swiss"]
[EventRounds "5"]
[EventCountry "WLS"]
[SourceDate "2018.11.17"]

1. e4 Nf6 2. e5 Nd5 3. d4 d6 4. c4 Nb6 5. exd6 exd6 6. Nc3 Nc6 7. Be3 Be7 8.
Be2 O-O 9. Nf3 Bg4 10. b3 d5 11. c5 Nc8 12. h3 Bf5 13. Rc1 Bf6 14. O-O g6 15.
Qd2 N8e7 16. g4 Be6 17. Ng5 Qd7 18. Nxe6 Qxe6 19. Bf3 Bg7 20. Ne2 f5 21. Nf4
Qf7 22. g5 Nd8 23. Rfe1 c6 24. h4 Qe8 25. Re2 Qd7 26. Rce1 b6 27. Qc3 bxc5 28.
Qxc5 Nb7 29. Qc1 Nd6 30. Nd3 Ne4 31. Nc5 Qc8 32. Rc2 f4 33. Bxf4 Qf5 34. Bxe4
dxe4 35. Rxe4 Nd5 36. Bg3 Rae8 37. Rce2 Rxe4 38. Rxe4 Qf3 39. Qd2 a5 40. Qe2
Nc3 41. Qxf3 Rxf3 42. Re3 Rxg3+ 43. Rxg3 Ne2+ 44. Kg2 Nxg3 45. Kxg3 Bxd4 46.
Nb7 Bb6 47. f4 Kf7 48. Nd6+ Ke6 49. Nc4 Bc7 50. Kg4 Bd8 51. Ne3 Bb6 52. f5+
gxf5+ 53. Nxf5 Bc5 54. h5 Ke5 55. g6 hxg6 56. hxg6 Kf6 57. g7 Kf7 58. Kg5 Ba3
59. Kh6 Bb2 60. Kh7 Bxg7 61. Nxg7 Ke7 62. Kg6 Kd6 63. Kf5 Kc5 64. Ne6+ Kb4 65.
Nd4 c5 66. Nc6+ Kb5 67. Ne5 a4 68. Ke4 axb3 69. axb3 1/2-1/2

[Event "South Wales Autumn Open"]
[Site "Newport"]
[Date "2018.11.16"]
[Round "1.4"]
[White "Waddington, Mike P"]
[Black "May, Adam J"]
[Result "1-0"]
[WhiteElo "2080"]
[BlackElo "1913"]
[PlyCount "77"]
[EventDate "2018.11.16"]
[EventType "swiss"]
[EventRounds "5"]
[EventCountry "WLS"]
[SourceDate "2018.11.17"]

1. Nc3 d5 2. e4 c6 3. f4 dxe4 4. Nxe4 Nd7 5. Nf3 Ngf6 6. Nf2 e6 7. b3 Bd6 8.
Nd3 Qc7 9. g3 b6 10. Bb2 Bb7 11. Bg2 c5 12. O-O O-O 13. c4 Rad8 14. Qe2 Rfe8
15. Rae1 a6 16. Nde5 Nf8 17. Ng5 Re7 18. a3 N6d7 19. Qh5 f6 20. Nxd7 Qxd7 21.
Ne4 Bxe4 22. Bxe4 Qe8 23. Qh3 Bb8 24. Re3 f5 25. Bf3 Qg6 26. Qg2 Red7 27. Rd1
Kh8 28. Kh1 h6 29. Qh3 Kg8 30. Bh5 Qh7 31. Qg2 Kh8 32. Qc6 Bc7 33. Rde1 Qg8 34.
Rxe6 Nxe6 35. Rxe6 Rd6 36. Rxh6+ Rxh6 37. Qxh6+ Qh7 38. Bxg7+ Kg8 39. Bf7+ 1-0

[Event "South Wales Autumn Open"]
[Site "Newport"]
[Date "2018.11.16"]
[Round "1.5"]
[White "Turner, Joseph David"]
[Black "Pleasants, Allan J"]
[Result "0-1"]
[WhiteElo "1860"]
[BlackElo "2064"]
[PlyCount "61"]
[EventDate "2018.11.16"]
[EventType "swiss"]
[EventRounds "5"]
[EventCountry "WLS"]
[SourceDate "2018.11.17"]

1. e4 g6 2. d4 Bg7 3. Nc3 d6 4. Nf3 Nf6 5. h3 O-O 6. Be3 a6 7. e5 Nfd7 8. exd6
cxd6 9. Qd2 Nc6 10. d5 Nce5 11. Nxe5 Nxe5 12. f4 Nd7 13. g4 b5 14. Bd4 Nf6 15.
Bg2 Bb7 16. O-O Rc8 17. g5 Nh5 18. Bxg7 Nxg7 19. Ne2 Nf5 20. Be4 Qb6+ 21. Rf2
e6 22. Bxf5 exf5 23. a3 Rfe8 24. Raf1 Bxd5 25. Rd1 Ba8 26. Nd4 Re4 27. Kf1 Rce8
28. c3 Qb7 29. Nf3 Re3 30. Ng1 Qe4 31. Qd4 0-1

[Event "South Wales Autumn Open"]
[Site "?"]
[Date "2018.11.16"]
[Round "1.6"]
[White "Van Kemenade, Julie"]
[Black "Garcia, Jason"]
[Result "1/2-1/2"]
[WhiteElo "1706"]
[BlackElo "2011"]
[Annotator "kemen"]
[PlyCount "64"]
[EventDate "2018.11.17"]
[SourceDate "2018.11.17"]

1. e4 c5 2. Nf3 g6 3. d3 Bg7 4. g3 Nc6 5. Bg2 d6 6. c3 Nf6 7. O-O O-O 8. Nbd2 (
8. Re1 e5 {main}) 8... Bd7 (8... Rb8) (8... e5 9. a4) 9. Re1 Rc8 {main, but
surely the R belongs on b8} (9... Qc7) (9... b5) (9... Qc8) (9... Rb8) 10. Nf1
b5 11. Ne3 {main} (11. d4 {alternative}) 11... a5 $146 (11... b4 $11 {2 draws,
2 Bl wins, but the Bl players were alll higher rated}) (11... e6 $11 {2 Bl
wins, ditto}) 12. Nd5 {Komodo12} e6 13. Nxf6+ Bxf6 14. Bh6 Re8 15. Qd2 b4 16.
Rac1 {releasing Q from guarding c3} (16. h4 {Rudy}) 16... Ne5 {the start of a
manouvre that puts it onto a worse square} (16... e5 $11 {Komodo12}) 17. d4 (
17. Nxe5 dxe5 18. Be3 Be7 19. h4 $11 {Komodo12}) 17... Nc4 (17... Nxf3+ 18.
Bxf3 e5 19. d5 Bg7 20. Bg2 $11 {Komodo12}) (17... cxd4 18. cxd4 Ng4 19. e5 Nxh6
20. Qxh6 Bg7 21. Qf4 d5 22. Rxc8 Bxc8 23. Rc1 $14 {Komodo12}) 18. Qe2 Nb6 (
18... d5 19. cxb4 (19. dxc5 bxc3 20. e5 (20. b3 Na3 (20... Ne5 21. Rxc3 (21.
Nxe5 Bxe5 22. exd5 exd5 23. Bxd5 Rxc5 24. Bc4 Bg7 25. Be3 Rc8 26. Red1 Qe7 $15)
21... Nxf3+ 22. Qxf3 dxe4 23. Qe3 Bxc3 24. Qxc3 e5 25. Bxe4 Bc6 26. Bxc6 Rxc6
27. Rxe5 Rxe5 28. Qxe5 f6 $17 {all these variations Komodo12 starts off as
being =}) 21. e5 Be7 22. Rxc3 $14) 20... Be7 (20... cxb2 21. Rxc4 dxc4 22. exf6
c3 23. Qc4 Rb8 24. Rb1 Qxf6 $17 {Komodo12}) 21. Rxc3 Bxc5 22. Rec1 $14) 19...
cxb4 20. e5 Be7 21. b3 Na3 22. Rxc8 Qxc8 23. Rc1 Qb7 24. Qd2 $11 {Komodo12})
19. e5 $16 Be7 (19... dxe5 20. Nxe5 $16 {Komodo12}) 20. Rcd1 (20. exd6 Bxd6 21.
cxb4 axb4 22. dxc5 Bxc5 23. Ne5 $16 {Komodo12}) 20... d5 21. Qd2 {King's India
Attack against a French structure} (21. dxc5 Rxc5 22. cxb4 axb4 23. b3 Bb5 24.
Qd2 Rc3 25. Qf4 $14 Nd7 26. Ng5 Rf8 (26... Bxg5 27. Bxg5 $16) 27. Bxf8 Qxf8 28.
h4 $14 {Komodo12}) 21... Nc4 22. Qc1 bxc3 23. bxc3 Rb8 (23... Ba4 24. Rd3 Bb5
25. Rdd1 Qc7 26. dxc5 Qxc5 27. Nd4 $11 {Komodo12}) 24. Qf4 Rb2 25. Ng5 $16 f6 (
25... Rf8 26. Bf1 Na3 27. dxc5 Bxc5 28. Bxf8 Qxf8 (28... Bxf2+ 29. Kh1 Qxf8 30.
Re2 Rxe2 31. Bxe2 Bc5 32. Ne4 Be8 33. Nf6+ Kg7 34. h4 $16) 29. Rd2 Rb7 30. Nf3
$16 {Komodo12}) 26. exf6 Bxf6 27. Rb1 {both sides running short of time} (27.
dxc5 $18 {Rudy & afterthought by Wh} Bxg5 (27... Rxa2 28. Nxe6 {Rudy} (28. Rxd5
$1 {Julie, analysis} Bxg5 29. Bxg5 Qc8 30. Rxd7 Qxd7 31. Qxc4 Ra4 32. Qb3 Rg4
33. c6 $18 {Komodo121}) 28... Bxe6 29. Bxd5 $1 {Komodo12} (29. Rxe6 {Rudy} Rxe6
30. Bxd5 Kh8 31. Qxc4 (31. Bxe6 Qxd1+ 32. Kg2 Ne3+ 33. Qxe3 Ra1 34. Bc4 Qh1+
35. Kh3 Re1 36. Qf4 $16) 31... Rae2 32. c6 {Komodo12})) (27... Na3 28. Rxd5 $18
{Komodo12}) 28. Bxg5 Qb8 29. Qd4 Qb7 (29... Rxa2 30. Bxd5 $18) 30. Bc1 Rb5 31.
Qf6 (31. Qxc4 dxc4 32. Bxb7 Rxb7 33. Rd6 Rc8 34. Rb6 Rbc7 35. Be3 $18 {Komodo12
}) 31... Rf8 32. Qh4 Qc8 33. Rxd5 {Komodo12} Rxc5 (33... exd5 34. Bxd5+ {wins
Q or mates}) 34. Rdd1 Rf7 35. Qd4 $18 {Komodo12}) 27... cxd4 (27... Rxb1 28.
Rxb1 cxd4 29. cxd4 Bc8 30. Rb8 $16 {Komodo12}) 28. cxd4 Bxg5 (28... Rxb1) 29.
Bxg5 Qb8 30. Rxb2 Qxf4 31. Bxf4 Nxb2 32. Rb1 Nd3 {(draw?)} (32... Nd3 33. Bh6
$16 {Julie} (33. Bd6 $16 {Komodo12}) (33. Bd2 Nb4 34. Bxb4 axb4 35. Rxb4 Ra8
36. Rb7 Be8 37. Bh3 Bf7 38. Rb2 Ra4 39. Rd2 Kg7 $14 {Komodo12})) 1/2-1/2

[Event "South Wales Autumn Open"]
[Site "Newport"]
[Date "2018.11.16"]
[Round "1.7"]
[White "Fathallah, Joe"]
[Black "Morgans, Justin"]
[Result "1-0"]
[WhiteElo "1963"]
[BlackElo "1650"]
[PlyCount "87"]
[EventDate "2018.11.16"]
[EventType "swiss"]
[EventRounds "5"]
[EventCountry "WLS"]
[SourceDate "2018.11.17"]

1. d4 Nf6 2. c4 g6 3. Nc3 Bg7 4. e4 d6 5. f3 O-O 6. Be3 Nbd7 7. Qd2 c5 8. Nge2
a6 9. a4 Qa5 10. Nd5 Qxd2+ 11. Kxd2 Nxd5 12. cxd5 cxd4 13. Bxd4 Nc5 14. Bxg7
Kxg7 15. Nd4 a5 16. Bb5 Bd7 17. Ra3 Rfc8 18. Rc1 Rc7 19. Rac3 Bc8 20. e5 Bf5
21. g4 Bxg4 22. fxg4 Ne4+ 23. Kd3 Nxc3 24. Rxc3 Rxc3+ 25. bxc3 dxe5 26. Nf3 f6
27. c4 Rc8 28. Ke4 Rc7 29. Nd2 Kf7 30. h4 h6 31. g5 hxg5 32. hxg5 Rc8 33. Nb3
Ra8 34. c5 Ra7 35. gxf6 exf6 36. Bd7 Ke7 37. Bh3 Ra8 38. d6+ Kf7 39. Kd5 f5 40.
Kxe5 Re8+ 41. Kd5 Re4 42. Nxa5 Rxa4 43. Nxb7 Ra1 44. Kc6 1-0

[Event "South Wales Autumn Open"]
[Site "?"]
[Date "2018.11.16"]
[Round "1.8"]
[White "Chung, Ethan Cheung Jing"]
[Black "Van Kemenade, Rudy"]
[Result "0-1"]
[WhiteElo "1584"]
[BlackElo "1953"]
[Annotator "kemen"]
[PlyCount "74"]
[EventDate "2018.11.16"]
[SourceDate "2018.11.17"]

1. e4 e5 2. Nf3 Nf6 3. Nc3 Bb4 4. d3 d6 5. Bg5 c6 6. Be2 Nbd7 {main} (6... h6)
7. Qd2 (7. O-O {[%emt 0:00:35]}) 7... h6 8. Be3 (8. Bxf6 Qxf6 9. a3 Ba5 10. O-O
O-O 11. h3 Re8 12. Nh2 Nf8 13. f4 exf4 14. Rxf4 Qd4+ 15. Kh1 Ng6 16. Rf3 Rxe4 {
Leonov-Lavrov, Novokusnetsk 2013,0-1}) (8. Bh4 {Komodo12}) 8... Nf8 (8... d5 9.
exd5 Nxd5 10. O-O Qa5 11. a3 Bxc3 12. bxc3 Qxc3 $15 {Komodo12}) 9. a3 Ba5 (9...
Bxc3 10. Qxc3 Ne6 $11 {Komodo12}) 10. b4 Bc7 11. d4 Qe7 (11... Ng6 12. dxe5
dxe5 13. Qxd8+ Bxd8 14. O-O-O $11 {Komodo12}) (11... N6d7 {afterthought & pm
analysis}) 12. dxe5 dxe5 13. Bc5 Qe6 14. Rd1 (14. Nh4 g6 15. Rd1 N8d7 16. Be3
Ng4 17. Nf3 Nxe3 18. Qxe3 b5 $11 {Komodo12}) 14... N6d7 (14... N8d7 15. Be3 O-O
16. O-O $11 {Komodo12}) 15. Bxf8 {gives up the bl squares} (15. Bd6 {expected
by Bl} Bxd6 16. Qxd6 Qxd6 17. Rxd6 Ke7 18. Rd2 Ng6 $11) 15... Nxf8 16. b5 (16.
Bb5 $5 {considered by Wh & pm analysis}) 16... Ng6 $15 17. bxc6 bxc6 18. h3 O-O
(18... Nf4 {considered} 19. Bf1 {pm analysis, followed by g3} (19. g3 Nxe2 20.
Qxe2 Ba5 21. Qd3 O-O 22. Kf1 Rd8 $17 {Komodo12}) 19... Ba5 20. Qe3 Qe7 21. Ra1
O-O 22. g3 Ne6 23. Nd2 Bb6 24. Qe2 Bd4 25. Qc4 Qf6 26. Rh2 Nc5 $19 {Komodo12})
19. O-O Nf4 $19 20. Kh2 Ba5 21. Ng1 Qe7 {trying to win the N} (21... Qg6 {
considered} 22. g3 (22. Bf3 {pm analysis} Ba6 23. Rfe1 Rfd8 24. Qe3 Bb6 25. Qc1
Bxf2 $19 {Komodo12}) (22. g4 h5 23. f3 Qh6 24. Rb1 Bb6 $19 {Komodo12}) 22...
Nxe2 23. Ngxe2 Qe6 (23... Qh5 24. Ng1 Ba6 25. Rfe1 Rfd8 26. Qe3 Rxd1 27. Rxd1
Bxc3 28. g4 Qh4 29. Nf3 Qf6 30. Qxc3 Be2 31. Rd3 Bxd3 32. Qxd3 Rd8 $19 {
Komodo12}) 24. Ng1 Ba6 25. Rfe1 Qc4 26. Re3 Rad8 27. Qe2 Qxe2 28. Ngxe2 Bb6 29.
Red3 (29. Rf3 Rxd1 30. Nxd1 Bxe2 $19) 29... Bxd3 30. cxd3 Bxf2 $19) 22. Ra1 (
22. Qe3 Qg5 (22... Bb6 23. Qf3 (23. Qc1 Qh4 (23... Bd4 24. Na4 Be6 $17) 24. g3
Nxe2 25. Ncxe2 Qxe4 $19)) (22... Qxa3 23. Nd5 Qxe3 24. Nxe3 Bc7 $17 {Komodo12})
23. g3 Nxh3 24. Nxh3 Qxe3 25. fxe3 Bxc3 $17 {Komodo12}) 22... Qg5 $1 (22... Qc5
23. Na4 {both players thought saved Wh} Qxf2 $1 24. Rxf2 Bxd2 $17 {Komodo12})
23. Bf3 Nxh3 (23... Rd8 24. Qe3 Nxh3 (24... Bb6 25. Qe1 (25. Qc1 Bd4) 25... Ba6
26. Nce2 Rab8 $19 {Komodo12})) 24. Qxg5 Nxg5 $19 25. Nge2 (25. Na4 Rd8 $19)
25... Ba6 26. Rfd1 Rfd8 (26... Nxf3+ 27. gxf3 Rfd8 {better}) (26... f5 27. exf5
Nxf3+ 28. gxf3 Rxf5 29. Ng3 (29. Kg2 Rg5+ 30. Kh2 Rf8) 29... Rxf3 30. Nce4 Bb6
31. Rd7 Raf8 $19 {Komodo12}) 27. Kg1 (27. Kg3 {better}) (27. Bg4 Bxe2 (27... g6
{considered} 28. f3 Rab8 29. Bd7 Rb2 30. Rac1 Bc4 $19) 28. Nxe2 Nxe4 $19) 27...
Nxf3+ 28. gxf3 Kf8 (28... Rab8) (28... g5 {both Komodo12}) 29. a4 Ke7 30. Kg2
Rxd1 31. Rxd1 Rd8 (31... Rb8) (31... h5) (31... g5) 32. Rxd8 Kxd8 33. f4 (33.
Kg3 Ke7 34. f4 f6 35. fxe5 fxe5 36. Kf3 g5 $19 (36... h5 $19)) 33... exf4 34.
Kf3 g5 35. e5 (35. Kg4 Bc8+ (35... h5+ {Rudy} 36. Kxh5 f3 37. Nd4 Bxc3 38.
Nxc6+ Kc7 39. Nxa7 Kb6 40. Nb5 Bxb5 41. axb5 f6 $19 {Komodo12}) 36. Kf3 h5 {
Komodo12}) 35... h5 (35... Bc4) 36. Ke4 (36. Nxf4 $5 {Komodo12}) 36... h4 37.
Kf3 h3 (37... h3 38. Nxf4 gxf4 39. Ne4 Bf1 40. Kxf4 h2 41. Ng3 Bg2 $19 {
Komodo12}) (37... Bxc3 38. Nxc3 h3 39. Ne4 Be2+ (39... Bf1) 40. Kxe2 h2 $19 {
Komodo12}) 0-1

[Event "South Wales Autumn Open"]
[Site "Newport"]
[Date "2018.11.17"]
[Round "2.1"]
[White "Pleasants, Allan J"]
[Black "Toczek, Grzegorz"]
[Result "1-0"]
[WhiteElo "2064"]
[BlackElo "2263"]
[Annotator "John Thornton"]
[PlyCount "75"]
[EventDate "2018.11.16"]
[EventType "swiss"]
[EventRounds "5"]
[EventCountry "WLS"]
[SourceDate "2018.11.17"]

1. d4 g6 2. Nf3 Bg7 3. e3 Nf6 4. b3 O-O 5. Nbd2 b6 6. Bb2 Bb7 7. Be2 c5 8. O-O
Na6 9. c4 Nc7 10. Re1 cxd4 11. exd4 d5 12. Bf1 Ne6 13. Rc1 Rc8 14. g3 Ne4 15.
Bg2 f5 16. cxd5 Rxc1 17. Qxc1 Bxd5 18. Nc4 Qa8 19. Ne3 Rc8 20. Qa1 Bb7 21. d5
Nf6 $2 22. Qd1 Nc5 23. Nd4 Nfe4 24. b4 Nd7 25. Qb3 Nd6 26. Nc6 Re8 27. Bxg7
Kxg7 28. Nc4 Ne4 29. Qb2+ Ndf6 30. b5 Qc8 31. a4 Qd7 32. Bxe4 fxe4 33. Rd1 h5
34. Qe5 h4 35. Qg5 hxg3 36. fxg3 Rh8 37. N4e5 Qh3 38. Qxg6+ 1-0

[Event "South Wales Autumn Open"]
[Site "Newport"]
[Date "2018.11.17"]
[Round "2.2"]
[White "Young, Alan"]
[Black "Varley, Peter"]
[Result "1/2-1/2"]
[WhiteElo "2040"]
[BlackElo "2176"]
[PlyCount "167"]
[EventDate "2018.11.16"]
[EventType "swiss"]
[EventRounds "5"]
[EventCountry "WLS"]
[SourceDate "2018.11.17"]

1. e4 c5 2. Nf3 d6 3. d4 cxd4 4. Nxd4 Nf6 5. Nc3 Nc6 6. g3 e5 7. Nde2 Be7 8.
Bg2 O-O 9. O-O Be6 10. h3 Qd7 11. Kh2 Bc4 12. b3 Ba6 13. Be3 Rac8 14. Re1 Nb4
15. Qd2 b6 16. a3 Nc6 17. Nd5 Nxd5 18. exd5 Na5 19. Rac1 Rc7 20. g4 f5 21. gxf5
Bxe2 22. Qxe2 Qxf5 23. Qg4 Qxg4 24. hxg4 Bh4 25. Rf1 Rcf7 26. f3 h6 27. Rcd1
Bg5 28. Bxg5 hxg5 29. Kg3 Rc7 30. Rd2 Rfc8 31. Rff2 Rc3 32. Kh2 Nb7 33. Bf1 Nc5
34. Rde2 Nd7 35. Rd2 Nf6 36. Bd3 R8c5 37. Be4 a5 38. a4 Re3 39. Rde2 Rcc3 40.
Bd3 Rxe2 41. Rxe2 Kf8 42. Be4 Ke7 43. Kg2 Kd8 44. Kf2 Kc7 45. Kg2 b5 46. axb5
Kb6 47. Kf2 Kxb5 48. Bd3+ Kc5 49. Be4 Nxd5 50. Re1 Nf6 51. Bd3 Kb6 52. Ke2 Rc8
53. c4 Rh8 54. Ke3 Rh2 55. Be2 Rh3 56. Kd2 e4 57. fxe4 Rxb3 58. Bd1 Rb4 59. Kc3
Kc5 60. Bb3 Nxg4 61. Rg1 Ne5 62. Rxg5 g6 63. Rg1 a4 64. Ba2 Rb8 65. Rd1 Rh8 66.
Rd5+ Kc6 67. c5 Rh3+ 68. Kc2 Rh2+ 69. Kb1 Nf7 70. Rd1 Rxa2 71. Kxa2 Kxc5 72.
Ka3 g5 73. Rd5+ Kc4 74. Kxa4 g4 75. Rd1 Kc3 76. Kb5 Kc2 77. Rd5 g3 78. Rf5 Ne5
79. Rg5 Kd3 80. Rxg3+ Kxe4 81. Rg1 d5 82. Re1+ Kd4 83. Rd1+ Nd3 84. Kc6 1/2-1/2

[Event "South Wales Autumn Open"]
[Site "Newport"]
[Date "2018.11.17"]
[Round "2.3"]
[White "Van Kemenade, Rudy"]
[Black "Waddington, Mike P"]
[Result "1/2-1/2"]
[WhiteElo "1953"]
[BlackElo "2080"]
[PlyCount "41"]
[EventDate "2018.11.16"]
[EventType "swiss"]
[EventRounds "5"]
[EventCountry "WLS"]
[SourceDate "2018.11.17"]

1. d4 Nf6 2. c4 g6 3. Nc3 Bg7 4. e4 d6 5. Nf3 O-O 6. h3 e5 7. d5 Nh5 8. g3 a5
9. Nh2 Na6 10. Be2 Nf6 11. g4 Nc5 12. Qc2 Ne8 13. Rg1 Kh8 14. Be3 f5 15. a3 Bd7
16. O-O-O f4 17. Bxc5 dxc5 18. Nb5 Nd6 19. a4 b6 20. Nf3 Kg8 21. Kb1 1/2-1/2

[Event "South Wales Autumn Open"]
[Site "Newport"]
[Date "2018.11.17"]
[Round "2.4"]
[White "Roberts, Paul"]
[Black "Fathallah, Joe"]
[Result "1/2-1/2"]
[WhiteElo "2171"]
[BlackElo "1963"]
[PlyCount "51"]
[EventDate "2018.11.16"]
[EventType "swiss"]
[EventRounds "5"]
[EventCountry "WLS"]
[SourceDate "2018.11.17"]

1. f4 d5 2. Nf3 Nf6 3. g3 g6 4. Bg2 Bg7 5. d3 c5 6. O-O Nc6 7. c3 O-O 8. Na3
Rb8 9. Ne5 Nxe5 10. fxe5 Nd7 11. d4 e6 12. Nc2 b5 13. Bf4 b4 14. Qc1 bxc3 15.
bxc3 Ba6 16. Rf2 Qa5 17. Bd2 Qb6 18. Bh6 Qb2 19. Bxg7 Qxc1+ 20. Rxc1 Kxg7 21.
e4 dxe4 22. Bxe4 Rfc8 23. Re1 cxd4 24. cxd4 Rb2 25. Ne3 Rxf2 26. Kxf2 1/2-1/2

[Event "South Wales Autumn Open"]
[Site "Newport"]
[Date "2018.11.17"]
[Round "2.5"]
[White "Garcia, Jason"]
[Black "Taylor, Robert Graham"]
[Result "1-0"]
[WhiteElo "2011"]
[BlackElo "1840"]
[PlyCount "173"]
[EventDate "2018.11.16"]
[EventType "swiss"]
[EventRounds "5"]
[EventCountry "WLS"]
[SourceDate "2018.11.17"]

1. e4 Nf6 2. e5 Nd5 3. d4 d6 4. Nf3 Bg4 5. Be2 e6 6. c4 Nb6 7. exd6 cxd6 8. O-O
Be7 9. h3 Bh5 10. Be3 N8d7 11. Nbd2 O-O 12. Rc1 Nf6 13. Ne1 Bg6 14. Nd3 h6 15.
Qb3 Qd7 16. Nf4 Bh7 17. Bd3 Bxd3 18. Nxd3 Qa4 19. Rc3 Rfc8 20. Rfc1 Qd7 21. Qd1
Qe8 22. b3 Nbd7 23. Qf3 d5 24. c5 Nh7 25. Qg3 Kh8 26. Nf3 Ndf6 27. Nd2 Nd7 28.
Bf4 Bg5 29. h4 Bxf4 30. Qxf4 Nhf8 31. Qf3 Ng6 32. g3 Ne7 33. g4 Nc6 34. Qf4 Qe7
35. Nf3 Qf6 36. g5 Qxf4 37. Nxf4 Nb4 38. Ra1 Re8 39. a3 Nc6 40. Rd1 Kh7 41. b4
a6 42. Re3 Ne7 43. Rde1 Nf5 44. g6+ Kg8 45. gxf7+ Kxf7 46. Rxe6 Rxe6 47. Rxe6
Rg8 48. Ne5+ Nxe5 49. Rxe5 Ne7 50. Nxd5 Nc6 51. Re4 g5 52. Kf1 Rd8 53. Ne3 Nxd4
54. hxg5 hxg5 55. Re5 Ne6 56. Rd5 Rxd5 57. Nxd5 Nd4 58. Ne3 Ke6 59. Kg2 Nb5 60.
Nc2 Kf5 61. Kf3 g4+ 62. Ke3 Ke5 63. Kd3 Kf4 64. a4 Nc7 65. Nd4 Nd5 66. b5 axb5
67. axb5 Ke5 68. c6 bxc6 69. Nxc6+ Kd6 70. Kd4 Nf4 71. Ne5 g3 72. Nc4+ Kc7 73.
fxg3 Ne2+ 74. Kc5 Nxg3 75. b6+ Kb8 76. Kc6 Nf5 77. Ne5 Ne7+ 78. Kb5 Kb7 79. Nc4
Nd5 80. Na5+ Kb8 81. b7 Nc7+ 82. Kc6 Na8 83. Nb3 Nc7 84. Nc5 Ne6 85. Nd7+ Ka7
86. b8=Q+ Ka6 87. Qb6# 1-0

[Event "South Wales Autumn Open"]
[Site "Newport"]
[Date "2018.11.17"]
[Round "2.6"]
[White "White, Ernest M"]
[Black "Whitehead, Mark A"]
[Result "1-0"]
[WhiteElo "1806"]
[BlackElo "1922"]
[PlyCount "49"]
[EventDate "2018.11.16"]
[EventType "swiss"]
[EventRounds "5"]
[EventCountry "WLS"]
[SourceDate "2018.11.17"]

1. e4 c5 2. Nf3 e6 3. d4 cxd4 4. Nxd4 a6 5. Be2 b5 6. Be3 Bb7 7. Nd2 d6 8. O-O
Nf6 9. f3 Be7 10. c3 O-O 11. Qe1 Nc6 12. Qg3 Kh8 13. Bd3 Ne5 14. Be2 Qc7 15.
Kh1 Rac8 16. Rae1 Nh5 17. Qh3 g6 18. f4 Nd7 19. f5 e5 20. fxg6 fxg6 21. Ne6
Rxf1+ 22. Rxf1 Qb8 23. Rf7 Re8 24. g4 Nhf6 25. Qh6 1-0

[Event "South Wales Autumn Open"]
[Site "Newport"]
[Date "2018.11.17"]
[Round "2.7"]
[White "Bevan, Peter M"]
[Black "Van Kemenade, Julie"]
[Result "1-0"]
[WhiteElo "1884"]
[BlackElo "1706"]
[PlyCount "77"]
[EventDate "2018.11.16"]
[EventType "swiss"]
[EventRounds "5"]
[EventCountry "WLS"]
[SourceDate "2018.11.17"]

1. Nf3 d6 2. d4 Nf6 3. c4 Nbd7 4. Nc3 c6 5. Bg5 h6 6. Bh4 g5 7. Bg3 Bg7 8. e3
Nf8 9. Qc2 Bg4 10. h4 Bxf3 11. gxf3 gxh4 12. Rxh4 Ng6 13. Rh1 e6 14. Bd3 Ne7
15. e4 d5 16. cxd5 cxd5 17. e5 Nd7 18. Nb5 Qa5+ 19. Qc3 Qxc3+ 20. bxc3 Kf8 21.
Nd6 Nb6 22. Nxb7 Rc8 23. Nc5 Nc4 24. f4 Ke8 25. Rb1 Bf8 26. Rb7 Nc6 27. Nd7 Be7
28. Bxc4 dxc4 29. Bh4 Ba3 30. Nf6+ Kf8 31. Ne4 Rg8 32. Kf1 Nxd4 33. cxd4 c3 34.
Nxc3 f6 35. Ne2 Rc2 36. Rxa7 Rxa2 37. Ra8+ Kf7 38. Rxg8 Kxg8 39. Bxf6 1-0

[Event "South Wales Autumn Open"]
[Site "Newport"]
[Date "2018.11.17"]
[Round "2.8"]
[White "Denham, Colin"]
[Black "Cizek, Ondrej"]
[Result "0-1"]
[WhiteElo "1651"]
[BlackElo "1849"]
[PlyCount "80"]
[EventDate "2018.11.16"]
[EventType "swiss"]
[EventRounds "5"]
[EventCountry "WLS"]
[SourceDate "2018.11.17"]

1. Nf3 Nf6 2. d4 d5 3. Nc3 Bf5 4. Bf4 a6 5. e3 e6 6. a3 Be7 7. Be2 O-O 8. O-O
c5 9. dxc5 Bxc5 10. Be5 Nc6 11. Bxf6 Qxf6 12. Bd3 Bg4 13. Be2 Rac8 14. Nd2 Bxe2
15. Qxe2 Rfd8 16. Rfd1 Bd6 17. Nf3 Ne5 18. Nd2 Nc4 19. Nxc4 Rxc4 20. g3 Rdc8
21. Rd3 Be5 22. Nxd5 exd5 23. Rxd5 Rxc2 24. Rd2 Rxd2 25. Qxd2 Qe6 26. Rd1 h6
27. Qb4 b5 28. Qd2 Bf6 29. Qe2 Qc4 30. Rd2 Qxe2 31. Rxe2 Rc1+ 32. Kg2 Rb1 33.
Rc2 Bxb2 34. Rc8+ Kh7 35. Ra8 Bxa3 36. Rxa6 b4 37. Ra7 f6 38. Kf3 Bc1 39. Rc7
b3 40. Ke2 b2 0-1

[Event "South Wales Autumn Open"]
[Site "Newport"]
[Date "2018.11.17"]
[Round "2.9"]
[White "Waterfield, John W"]
[Black "Morgans, Justin"]
[Result "1-0"]
[WhiteElo "1929"]
[BlackElo "1650"]
[PlyCount "81"]
[EventDate "2018.11.16"]
[EventType "swiss"]
[EventRounds "5"]
[EventCountry "WLS"]
[SourceDate "2018.11.17"]

1. e4 c6 2. d4 d5 3. e5 Bf5 4. Nc3 e6 5. g4 Be4 6. Nxe4 dxe4 7. Ne2 Nh6 8. Ng3
Qh4 9. h3 Nd7 10. Nxe4 Be7 11. Bf4 Ng8 12. Qd2 f5 13. Ng5 Nf8 14. Nf3 Qh6 15.
Bxh6 Nxh6 16. g5 Nf7 17. Bg2 O-O-O 18. h4 g6 19. O-O-O Nd7 20. Qa5 Kb8 21. c4
Nb6 22. b3 Rd7 23. Rhe1 Rhd8 24. Qc3 h6 25. gxh6 Nxh6 26. Ng5 Bxg5+ 27. hxg5
Ng8 28. a4 Ne7 29. a5 Na8 30. Kb2 Nc7 31. a6 Nxa6 32. f4 Nc7 33. Rd2 b5 34.
Red1 a6 35. Qb4 Kc8 36. Qc5 Kb7 37. Rc1 bxc4 38. bxc4 Rb8 39. Kc3 Ncd5+ 40.
cxd5 cxd5 41. Rb1+ 1-0